000 02057cam a2200445 i 4500
999 _c63955
_d63955
001 16680539
003 CO-MdFUSB
005 20180622072747.0
008 110307t2011 enka f b 001 0 eng
010 _a 2011008610
020 _a9781409424260 (hardcover)
020 _a140942426X (hardcover)
020 _z9781409424277 (ebook)
020 _z1409424278 (ebook)
040 _aDLC
_cCO-MdFUSB
_dCO-MdFUSB
_bspa
_erda
041 _aeng
042 _apcc
082 0 0 _224
_aG 211
_bV822n
084 _aBE 3650
_2rvk
100 1 _aVisala, Aku.
_eautor
245 1 0 _aNaturalism, theism, and the cognitive study of religion
_b: religion explained?
_c/ Aku Visala.
264 1 _aFarnham, Surrey :
_bAshgate ;
_c℗[2011]
264 4 _c©2011
300 _ax, 218 páginas :
_bilustraciones ;
_c24 cm.
336 _2rdacontent
_a1
_ba1
337 _2rdamedia
_a2
_b5
338 _2rdacarrier
_a2
_b5
490 1 _aAshgate science and religion series
501 _aIncluye índice (p. 215- 218)
504 _aBibliografía (p. 195- 214)
505 0 _aIntroduction: the cognitive theories of religion -- Naturalism and religion : religion as a product of material causes -- The naturalness of religion : basic theories -- The strict naturalist programme and the naturalistic study of religion -- A critique of the strict naturalist programme and a novel proposal -- Theism and the naturalness of religion.
505 0 _aIntroducción: las teorías cognitivas de la religión -- Naturalismo y religión: la religión como producto de causas materiales -- La naturalidad de la religión: teorías básicas -- El programa naturalista estricto y el estudio naturalista de la religión -- Una crítica del estricto programa naturalista y una propuesta novedosa -- El teísmo y la naturalidad de la religión.
650 7 _aReligión y ciencia
_9259
830 0 _aAshgate science and religion series.
942 _cBK